00824pam a2200241 a 4500001000500000005001700005020002500022040002300047050002300070082001400093100002400107245005600131260005300187300002500240505000800265520015700273521002100430521002000451650002200471650002200493650002300515650004400538103020250404103420.0 a0670806560 :c$11.95 aDLCcDLCdDLCbeng00aPZ7.D3584bSi 198500a[Fic]2191 aDeClements, Barthe.10a6th grade can really kill you /cBarthe DeClements. aNew York, N.Y., U.S.A. :bViking Kestrel,c1985. a146 pages. ;c20 cm. aR  aHelen fears that lack of improvement in her reading may leave her stuck in the sixth grade forever, until a good teacher recognizes her reading problem. a700 bLexile  aR bRaz-plus  1aSchoolsxFiction. 1aReadingxFiction. 1aDyslexiaxFiction. 1aTeacher-student relationshipsxFiction.